| 000 | 00330nam a22001337a 4500 | ||
|---|---|---|---|
| 020 | _qPB. | ||
| 040 | _cFIZZA ISHAQ | ||
| 082 |
_a728.37 _bUSE |
||
| 100 |
_aGUIDE, USERS. _985219 |
||
| 245 |
_a3D HOME ARCHITEVT LANDS COPE DESIGN DELUXE 6 / _cUSERS GUIDE. |
||
| 260 |
_aNEW YORK : _c2002. |
||
| 300 | _a294 P. ; | ||
| 942 |
_2ddc _cBK |
||
| 999 |
_c586905 _d586905 |
||